000 00882nam a2200265 i 4500
001 125367
003 ES-MaACL
005 20250828023341.0
007 t|
008 070606q19151925sp ||||1| spa d
080 _a613.95
080 _a37.04-053.2
080 _a612.38-053.2
100 1 _aHernández Briz, Baltasar.
_962895
245 1 3 _aLa lactancia
_b: cuidados del niño desde su nacimiento hasta la aparición de los primeros dientes /
_cBaltasar Hernández Briz.
260 _aMadrid :
_bRenacimiento,
_c[entre 1915 y 1925]
300 _a197 p. ;
_c18 cm.
490 1 _aLa salud de nuestros hijos ;
_vII
650 _aNiños-
_xSalud e higiene.
_915557
650 0 7 _aEducación de niños
_2embne
_912099
650 1 4 _aNiños-
_xNutrición.
_915551
830 0 _aLa salud de nuestros hijos ;
_vII
_9186632
852 _aES-MaACL
_jF-687
999 _c125367
_d125367